000 00374nam a22001457a 4500
008 230512b ||||| |||| 00| 0 eng d
020 _a0881674664
041 _aeng
080 _2SECOND EDITION
_a610.73
082 _a610.73FUS
100 _a8
101 _aINF
245 _aTHE PREFRONTAL CORTEX ANATOMY PHYSIOLOGY AND NEUROPSYCHOLOGY
_cFUSTER . M. J
942 _2udc
_cBK
999 _c59691
_d59691